Statistics for NBA 75 Members who played for the Spurs

Click here to take the quiz!

General Stats

  • This quiz has been taken 68 times
  • The average score is 5 of 7

Answer Stats

Player% Correct
Tim Duncan
100%
David Robinson
98%
George Gervin
85%
Kawhi Leonard
77%
Dennis Rodman
52%
Dominique Wilkins
30%
Moses Malone
26%

Score Distribution

Percentile by Number Answered

Percent of People with Each Score

Your Score History

You have not taken this quiz